[Event "SVK-chT3A2 1819"]
[Site "Slovakia"]
[Date "2019.01.13"]
[Round "6.5"]
[White "Rau, Vladimir"]
[Black "Kir, Kvetoslav"]
[Result "1/2-1/2"]
[WhiteElo "1677"]
[BlackElo "1809"]
[PlyCount "32"]
[EventDate "2018.10.07"]
[EventType "team-tourn"]
[EventRounds "11"]
[EventCountry "SVK"]
[SourceTitle "EXT 2020"]
[Source "ChessBase"]
[SourceDate "2019.10.17"]
[SourceVersion "1"]
[SourceVersionDate "2019.10.17"]
[SourceQuality "1"]
[WhiteTeam "Modranka Komplet"]
[BlackTeam "Senica SK"]
[WhiteTeamCountry "SVK"]
[BlackTeamCountry "SVK"]

1. d4 Nf6 2. c4 g6 3. Nc3 Bg7 4. e4 d6 5. Nf3 0-0 6. Be2 c6 7. 0-0 a5 8. Bg5 Qc7 9. Rc1 e5 10. d5 Na6 11. Na4 Nxe4 12. Be3 c5 13. Qb3 Bd7 14. Nb6 Ra7 15. Nxd7 Qxd7 16. a3 Nc7 1/2-1/2

[Event "SVK-chT3A2 1718"]
[Site "Slovakia"]
[Date "2017.11.05"]
[Round "3.3"]
[White "Kir, Kvetoslav"]
[Black "Takacs, Zsolt"]
[Result "1-0"]
[WhiteElo "1761"]
[BlackElo "1751"]
[PlyCount "129"]
[EventDate "2017.10.08"]
[EventType "team-tourn"]
[EventRounds "11"]
[EventCountry "SVK"]
[SourceTitle "EXT 2020"]
[Source "ChessBase"]
[SourceDate "2019.10.17"]
[SourceVersion "1"]
[SourceVersionDate "2019.10.17"]
[SourceQuality "1"]
[WhiteTeam "Senica SK"]
[BlackTeam "Gbely Nafta II"]
[WhiteTeamCountry "SVK"]
[BlackTeamCountry "SVK"]

1. d4 d5 2. c4 dxc4 3. Nc3 Nf6 4. Nf3 e6 5. e3 Nc6 6. Bxc4 Bb4 7. 0-0 0-0 8. a3 Bxc3 9. bxc3 b6 10. Qc2 h6 11. e4 Bb7 12. Re1 Nd7 13. Bf4 Re8 14. Rad1 Qc8 15. e5 Na5 16. Ba2 c5 17. Bb1 Nf8 18. Qc1 Bxf3 19. gxf3 Ng6 20. Kh1 cxd4 21. Be4 Rb8 22. cxd4 Qxc1 23. Bxc1 Rbc8 24. Rg1 Nb3 25. Be3 Rc4 26. Bxg6 fxg6 27. Rxg6 Kf7 28. Rdg1 Rg8 29. Bxh6 Nxd4 30. Bxg7 Ke8 31. Bf6 Rxg6 32. Rxg6 Nxf3 33. Rg8+ Kd7 34. Rg7+ Ke8 35. Rxa7 Rg4 36. Rg7 Re4 37. Re7+ Kf8 38. Kg2 Ne1+ 39. Kg3 Ra4 40. Rxe6 Rxa3+ 41. Kg4 Ra4+ 42. f4 Nd3 43. Bg5 b5 44. Kf5 b4 45. Kf6 Nc5 46. Bh6+ Kg8 47. Rc6 Nd7+ 48. Kg6 Ra8 49. e6 Nf8+ 50. Bxf8 Kxf8 51. Kf6 Rb8 52. Rc2 b3 53. Rb2 Rb4 54. f5 Ke8 55. h4 Rxh4 56. Rxb3 Rh6+ 57. Kg7 Rh1 58. Rb7 Rh2 59. Kf6 Rh6+ 60. Ke5 Rh1 61. Rb4 Re1+ 62. Kf6 Kd8 63. e7+ Ke8 64. Rb8+ Kd7 65. Rd8+ 1-0

[Event "SVK-chT3A2 1617"]
[Site "Slovakia"]
[Date "2017.02.05"]
[Round "8.3"]
[White "Sarkozi, Szabolcs"]
[Black "Kir, Kvetoslav"]
[Result "1-0"]
[WhiteElo "1537"]
[BlackElo "1759"]
[PlyCount "79"]
[EventDate "2016.10.16"]
[EventType "team-tourn"]
[EventRounds "11"]
[EventCountry "SVK"]
[SourceTitle "EXT 2020"]
[Source "ChessBase"]
[SourceDate "2019.10.17"]
[SourceVersion "1"]
[SourceVersionDate "2019.10.17"]
[SourceQuality "1"]
[WhiteTeam "Potonska Veza II"]
[BlackTeam "Senica SK"]
[WhiteTeamCountry "SVK"]
[BlackTeamCountry "SVK"]

1. e4 e6 2. d4 d5 3. e5 c5 4. c3 Nc6 5. Nf3 Qb6 6. Be2 Nge7 7. Na3 cxd4 8. cxd4 Nf5 9. Bb5 Bb4+ 10. Bd2 Bxa3 11. Bxc6+ bxc6 12. bxa3 Nxd4 13. 0-0 Nxf3+ 14. Qxf3 0-0 15. Qg3 Kh8 16. Rab1 Qc7 17. Rb4 f5 18. Rh4 Qf7 19. Qh3 g6 20. Bb4 Rd8 21. Rd1 Ba6 22. Rdd4 c5 23. Rxh7+ Qxh7 24. Rh4 Rd7 25. Bxc5 Rc8 26. Be3 d4 27. Bg5 Rc3 28. f3 Rd3 29. Kf2 Rxa3 30. Rxh7+ Rxh7 31. Qg3 Rxa2+ 32. Ke1 Rb7 33. Bf6+ Kh7 34. Qh4+ Kg8 35. Qh8+ Kf7 36. Qg7+ Ke8 37. Qg8+ Kd7 38. Qf7+ Kc6 39. Qxe6+ Kc5 40. Qxa2 1-0

[Event "SVK-chT3A2 1516"]
[Site "Slovakia"]
[Date "2015.10.25"]
[Round "2.2"]
[White "Mezes, Kristof"]
[Black "Kir, Kvetoslav"]
[Result "0-1"]
[WhiteElo "1511"]
[BlackElo "1856"]
[PlyCount "68"]
[EventDate "2015.10.11"]
[EventType "team-tourn"]
[EventRounds "11"]
[EventCountry "SVK"]
[SourceTitle "EXT 2020"]
[Source "ChessBase"]
[SourceDate "2019.10.17"]
[SourceVersion "1"]
[SourceVersionDate "2019.10.17"]
[SourceQuality "1"]
[WhiteTeam "Dunajska Streda II"]
[BlackTeam "Senica SK"]
[WhiteTeamCountry "SVK"]
[BlackTeamCountry "SVK"]

1. d4 Nf6 2. c4 g6 3. Nc3 Bg7 4. Nf3 d6 5. e4 0-0 6. Be3 Re8 7. Bd3 e5 8. d5 c5 9. 0-0 Nbd7 10. Qc2 Nf8 11. a3 h6 12. b4 b6 13. Qb3 g5 14. h3 Ng6 15. a4 Nh5 16. a5 Ngf4 17. Be2 g4 18. hxg4 Bxg4 19. axb6 Nxe2+ 20. Nxe2 Bxf3 21. gxf3 axb6 22. Ng3 Rxa1 23. Rxa1 Nf4 24. Kf1 Qh4 25. Ke1 Qh2 26. Nf1 Qh1 27. Ra6 Qxf3 28. Qc2 cxb4 29. Rxb6 Ra8 30. Ng3 Ng2+ 31. Kd2 Nxe3 32. Qd3 Qxf2+ 33. Ne2 Ra2+ 34. Kc1 Qe1+ 0-1

[Event "SVK-chT3A2 1516"]
[Site "Slovakia"]
[Date "2015.10.11"]
[Round "1.6"]
[White "Holicky, Miroslav"]
[Black "Kir, Kvetoslav"]
[Result "0-1"]
[WhiteElo "1840"]
[BlackElo "1856"]
[PlyCount "116"]
[EventDate "2015.10.11"]
[EventType "team-tourn"]
[EventRounds "11"]
[EventCountry "SVK"]
[SourceTitle "EXT 2020"]
[Source "ChessBase"]
[SourceDate "2019.10.17"]
[SourceVersion "1"]
[SourceVersionDate "2019.10.17"]
[SourceQuality "1"]
[WhiteTeam "Trnava Lokomotiva III"]
[BlackTeam "Senica SK"]
[WhiteTeamCountry "SVK"]
[BlackTeamCountry "SVK"]

1. d4 Nf6 2. c4 g6 3. g3 Bg7 4. Nc3 0-0 5. Bg2 d6 6. e3 c6 7. Nge2 a5 8. 0-0 Qc7 9. b3 Bd7 10. Ba3 Na6 11. Rc1 Rfd8 12. Qd3 Nb4 13. Qb1 Rac8 14. Bb2 b6 15. a3 Na6 16. Rfd1 Qb8 17. Qa1 h5 18. Nf4 e5 19. dxe5 dxe5 20. Nd3 Bf5 21. Nxe5 Qxe5 22. Nd5 Qxb2 23. Ne7+ Kf8 24. Qxb2 Kxe7 25. Rxd8 Rxd8 26. e4 Be6 27. e5 Ng4 28. Re1 Nc5 29. Bf1 Nd7 30. f4 Nc5 31. h3 Nh6 32. b4 axb4 33. Qxb4 Bf8 34. Qxb6 Nd7 35. Qxc6 Ke8 36. Rd1 Nf5 37. Kh2 Ne3 38. Rc1 Bxa3 39. Ra1 Nxf1+ 40. Rxf1 Bc5 41. Rd1 Be3 42. Rd6 Rb8 43. Kg2 Rb2+ 44. Kf3 Bg1 45. g4 hxg4+ 46. hxg4 Ke7 47. Rd1 Ba7 48. Qd6+ Ke8 49. Ra1 Rb3+ 50. Kg2 Rb2+ 51. Kh1 Bb8 52. Qc6 Bxg4 53. Re1 Rb3 54. Qc8+ Ke7 55. Kh2 Rh3+ 56. Kg2 Rc3 57. Qa6 Kf8 58. Qc8+ Kg7 0-1

[Event "SVK-chT1E 0708"]
[Site "Slovakia"]
[Date "2008.03.15"]
[Round "10.3"]
[White "Kir, Kvetoslav"]
[Black "Mnich, Jozef"]
[Result "0-1"]
[WhiteElo "1860"]
[BlackElo "2075"]
[PlyCount "78"]
[EventDate "2007.10.13"]
[EventType "team-swiss"]
[EventRounds "11"]
[EventCountry "SVK"]
[SourceTitle "EXT 2009"]
[Source "ChessBase"]
[SourceDate "2008.11.26"]
[SourceVersion "1"]
[SourceVersionDate "2008.11.26"]
[SourceQuality "1"]
[WhiteTeam "Michalovce Zemplin"]
[BlackTeam "Presov Tatran"]
[WhiteTeamCountry "SVK"]
[BlackTeamCountry "SVK"]

1. d4 e6 2. c4 d5 3. Nc3 Nf6 4. e3 c6 5. Nf3 Bd6 6. Bd3 Nbd7 7. 0-0 0-0 8. b3 e5 9. dxe5 Nxe5 10. Nxe5 Bxe5 11. Bb2 Ng4 12. g3 Qf6 13. Qd2 Rd8 14. f4 Bxc3 15. Bxc3 Qe7 16. Rae1 dxc4 17. bxc4 Bf5 18. e4 Qc5+ 19. Kg2 Be6 20. Qe2 Rxd3 21. Qxd3 Bxc4 22. Qd2 Bxf1+ 23. Kxf1 Nxh2+ 24. Kg2 Ng4 25. Bb4 Qc4 26. Kf3 Nf6 27. Be7 Qe6 28. Bxf6 Qxf6 29. e5 Qe7 30. Rd1 Re8 31. Qd3 h6 32. Qd4 b6 33. Qc4 c5 34. Rd6 Qb7+ 35. Kg4 Qh1 36. Rd7 Rf8 37. f5 h5+ 38. Kg5 Qh2 39. Qb3 Qe2 0-1

[Event "SVK-chT2D 0607"]
[Site "Slovakia"]
[Date "2007.03.18"]
[Round "11.3"]
[White "Kir, Kvetoslav"]
[Black "Tauber, Marek"]
[Result "0-1"]
[WhiteElo "1867"]
[BlackElo "2193"]
[PlyCount "80"]
[EventDate "2006.10.14"]
[EventType "team-tourn"]
[EventRounds "11"]
[EventCountry "SVK"]
[SourceTitle "EXT 2008"]
[Source "ChessBase"]
[SourceDate "2007.11.25"]
[SourceVersion "1"]
[SourceVersionDate "2007.11.25"]
[SourceQuality "1"]
[WhiteTeam "Michalovce Zemplin III"]
[BlackTeam "Spisska Nova Ves"]
[WhiteTeamCountry "SVK"]
[BlackTeamCountry "SVK"]

1. d4 Nf6 2. c4 c6 3. Nc3 d5 4. e3 g6 5. Nf3 Bg7 6. Bd3 0-0 7. b3 Bf5 8. Bxf5 gxf5 9. Bb2 e6 10. Qc2 Nbd7 11. h3 Qc7 12. g4 f4 13. e4 e5 14. 0-0-0 dxc4 15. bxc4 Rfe8 16. g5 Nh5 17. Qe2 exd4 18. Nxd4 f3 19. Qxf3 Qf4+ 20. Qxf4 Nxf4 21. Nf5 Ne5 22. Nxg7 Kxg7 23. Na4 Kg8 24. Bxe5 Rxe5 25. Nc3 Rxg5 26. Rhg1 Rxg1 27. Rxg1+ Kf8 28. Rg3 Rd8 29. Kc2 Ke7 30. Rf3 Ne6 31. Rg3 Rd4 32. Kb3 Nc5+ 33. Kb4 b6 34. Ne2 Rd2 35. Re3 Rxa2 36. f4 a5+ 37. Kc3 a4 38. Kb4 Rb2+ 39. Kc3 a3 40. Nd4 Na4+ 0-1

[Event "SVK-chT2D 0607"]
[Site "Slovakia"]
[Date "2007.03.17"]
[Round "10.3"]
[White "Kir, Kvetoslav"]
[Black "Pacholsky, Martin"]
[Result "0-1"]
[WhiteElo "1867"]
[BlackElo "2057"]
[PlyCount "63"]
[EventDate "2006.10.14"]
[EventType "team-tourn"]
[EventRounds "11"]
[EventCountry "SVK"]
[SourceTitle "EXT 2008"]
[Source "ChessBase"]
[SourceDate "2007.11.25"]
[SourceVersion "1"]
[SourceVersionDate "2007.11.25"]
[SourceQuality "1"]
[WhiteTeam "Michalovce Zemplin III"]
[BlackTeam "Margecany OSK II"]
[WhiteTeamCountry "SVK"]
[BlackTeamCountry "SVK"]

1. d4 e6 2. c4 f5 3. Nc3 Nf6 4. g3 c6 5. Bg2 d5 6. cxd5 exd5 7. Nf3 Bd6 8. Qc2 0-0 9. 0-0 Ne4 10. a3 Nd7 11. b4 a6 12. Na4 Qe7 13. Bb2 Rb8 14. Nc5 Ndf6 15. Ne5 Bd7 16. f3 Nxc5 17. bxc5 Bc7 18. Rae1 Rbe8 19. e4 fxe4 20. fxe4 dxe4 21. Rf4 Ba5 22. Ref1 Be6 23. Bxe4 Nxe4 24. Qxe4 Rxf4 25. Rxf4 Bd5 26. Qc2 Qg5 27. Bc1 Qe7 28. Rh4 g6 29. Rg4 Qe6 30. Bh6 Bc7 31. Rf4 Qh3 32. Bg5 0-1

[Event "SVK-chT2D 0607"]
[Site "Slovakia"]
[Date "2006.12.16"]
[Round "5.4"]
[White "Pcola, Jaroslav1111"]
[Black "Kir, Kvetoslav"]
[Result "1-0"]
[WhiteElo "2163"]
[BlackElo "1867"]
[PlyCount "78"]
[EventDate "2006.10.14"]
[EventType "team-tourn"]
[EventRounds "11"]
[EventCountry "SVK"]
[SourceTitle "EXT 2008"]
[Source "ChessBase"]
[SourceDate "2007.11.25"]
[SourceVersion "1"]
[SourceVersionDate "2007.11.25"]
[SourceQuality "1"]
[WhiteTeam "Humenne Reinter"]
[BlackTeam "Michalovce Zemplin III"]
[WhiteTeamCountry "SVK"]
[BlackTeamCountry "SVK"]

1. e4 e6 2. d4 d5 3. e5 c5 4. c3 Nc6 5. Nf3 Nge7 6. Bd3 Qa5 7. dxc5 Qxc5 8. b4 Qb6 9. 0-0 Ng6 10. Re1 Qc7 11. Qe2 Bd7 12. a4 Be7 13. Na3 a6 14. Bd2 0-0 15. Nc2 f5 16. exf6 Rxf6 17. b5 Na5 18. Ncd4 Bd6 19. bxa6 bxa6 20. Bg5 Nf4 21. Qc2 Nxd3 22. Qxd3 Rg6 23. h4 Bf4 24. Bxf4 Qxf4 25. Ne5 Rf6 26. Nxd7 Qxf2+ 27. Kh1 Rh6 28. Nf3 Qg3 29. Kg1 Rxh4 30. Rxe6 Rg4 31. Qe2 h5 32. Re8+ Rxe8 33. Qxe8+ Kh7 34. Qxh5+ Kg8 35. Qxd5+ Kh8 36. Ra2 Nc4 37. Re2 Ne3 38. Qh5+ Kg8 39. Qe8+ Kh7 1-0

[Event "SVK-chT2D 0607"]
[Site "Slovakia"]
[Date "2006.11.25"]
[Round "3.4"]
[White "Kir, Kvetoslav"]
[Black "Chudy, Rastislav"]
[Result "1/2-1/2"]
[WhiteElo "1867"]
[BlackElo "2149"]
[PlyCount "57"]
[EventDate "2006.10.14"]
[EventType "team-tourn"]
[EventRounds "11"]
[EventCountry "SVK"]
[SourceTitle "EXT 2008"]
[Source "ChessBase"]
[SourceDate "2007.11.25"]
[SourceVersion "1"]
[SourceVersionDate "2007.11.25"]
[SourceQuality "1"]
[WhiteTeam "Michalovce Zemplin III"]
[BlackTeam "Kezmarok KdV II"]
[WhiteTeamCountry "SVK"]
[BlackTeamCountry "SVK"]

1. d4 Nf6 2. c4 g6 3. Nc3 Bg7 4. e4 d6 5. f3 0-0 6. Be3 c6 7. Bd3 Nbd7 8. Nge2 e5 9. d5 a6 10. Qd2 cxd5 11. cxd5 b5 12. 0-0 Nh5 13. g4 Nhf6 14. Ng3 Nc5 15. Be2 Ne8 16. b4 Na4 17. Nxa4 bxa4 18. Rac1 Bd7 19. a3 f6 20. Rc2 Rf7 21. Rfc1 Bf8 22. Qe1 f5 23. exf5 gxf5 24. gxf5 Ng7 25. Bd3 Qh4 26. Rc4 Qd8 27. Rg4 Kh8 28. Kh1 Be7 29. Qf2 1/2-1/2